00656nam a2200265Ia 4500008004000000020001800040041000800058082001300066100002600079245008700105260005500192300001200247650001300259650001300272650001200285650000700297650001200304650001600316650000700332650001100339650001100350650001500361650000800376650000600384210210b2011 xxu||||| |||| 00| 0 eng d a9788184572582 aeng a020 BABQ aBABU (V P Ramesh) ed. aQuality of library and information services in higher education: a global scenario aNew DelhibKanishka Publishers, Distributorsc2011 axiv,438 aservices ascenario aQuality aof alibrary ainformation ain ahigher aglobal aeducation: aand aa